000 00354nam a22001577a 4500
003 SGT
020 _a81-89747-26-6
082 _a344.02
_bSAM
100 _aSAMPATH, K.
245 _aPHARMACEUTICAL JURISPRUDENCE
250 _a7TH
260 _aINDIA
_bBIRLA PUB.
_c2026
300 _a284
650 _aPHARMACEUTICAL JURISPRUDENCE
942 _2ddc
_cBK
999 _c33005
_d33005